Built up : an historical perspective on the contemporary principles and practices of real estate development /

Bibliographic Details
Main Author: Derrington, Patrice (Author)
Corporate Author: Taylor & Francis
Format: eBook
Language:English
Published: New York, NY : Routledge/Taylor & Francis Group, 2021.
Subjects:
Online Access:Connect to the full text of this electronic book

MARC

Tag First Indicator Second Indicator Subfields
LEADER 00000cam a2200000 i 4500
001 in00004437621
005 20211018102716.0
006 m do | |
007 cr |||||||||||
008 201112s2021 nyu ob 001 0 eng
010 |a  2020049668 
020 |a 9781003144151  |q (ebook) 
020 |a 1003144152 
020 |z 9780367699949  |q (hardback) 
020 |a 9781000367973  |q (electronic bk. : EPUB) 
020 |a 1000367975  |q (electronic bk. : EPUB) 
020 |a 9781000367959  |q (electronic bk. : PDF) 
020 |a 1000367959  |q (electronic bk. : PDF) 
024 8 |a 40030647944 
035 |a (DLC)ybp17007472 
037 |a 9781003144151  |b Taylor & Francis 
040 |a NhCcYBP  |c NhCcYBP  |d UtOrBLW 
042 |a pcc 
043 |a e-uk-en 
050 4 |a HD610.L6  |b D47 2021 
072 7 |a BUS  |x 054000  |2 bisacsh 
072 7 |a POL  |x 002000  |2 bisacsh 
072 7 |a BUS  |x 023000  |2 bisacsh 
072 7 |a KC  |2 bicssc 
082 0 0 |a 333.3309421  |2 23 
100 1 |a Derrington, Patrice,  |e author.  |0 http://id.loc.gov/authorities/names/no2008143242 
245 1 0 |a Built up :  |b an historical perspective on the contemporary principles and practices of real estate development /  |c Patrice Derrington. 
264 1 |a New York, NY :  |b Routledge/Taylor & Francis Group,  |c 2021. 
300 |a 1 online resource. 
336 |a text  |b txt  |2 rdacontent 
337 |a computer  |b n  |2 rdamedia 
338 |a online resource  |b nc  |2 rdacarrier 
504 |a Includes bibliographical references and index. 
588 |a Description based on print version record and CIP data provided by publisher. 
500 |a Electronic resource. 
650 0 |a Real estate business  |z England  |z London  |x History. 
650 0 |a Read estate business. 
650 0 |a Real estate development  |z England  |z London  |x History. 
650 0 |a Real estate development  |x History. 
655 7 |a Electronic books.  |2 local 
710 2 |a Taylor & Francis.  |0 http://id.loc.gov/authorities/names/n84073022 
776 1 8 |i Print version:  |a Derrington, Patrice.  |t Built up  |d New York, NY : Routledge/Taylor & Francis Group, 2021.  |z 9780367699949  |w (DLC) 2020049667 
856 4 0 |u http://proxy.library.tamu.edu/login?url=https://www.taylorfrancis.com/books/9781003144151  |z Connect to the full text of this electronic book  |t 0 
945 |b 973446 
955 |a YBP purchased approval e-records 
980 |b 225.00  |g 1 
999 f f |s 6195ff47-433d-333e-bf1c-aa12cfd6fedc  |i 8ec9be49-d45c-32d6-a449-eca4e33dda4c  |t 0 
952 f f |a Texas A&M University  |b College Station  |c Electronic Resources  |d Available Online  |t 0  |e HD610.L6 D47 2021  |h Library of Congress classification 
998 f f |a HD610.L6 D47 2021  |t 0  |l Available Online